| 000 | 00438nam a2200181Ia 4500 | ||
|---|---|---|---|
| 001 | 14083 | ||
| 005 | 20260306164848.0 | ||
| 008 | 260306t2007||||xx |||||||||||||| ||spa|| | ||
| 041 | _aESP | ||
| 082 |
_a006.32 _bM26A |
||
| 100 |
_aMartín del Brío, Bonifacio _eAUT |
||
| 245 | 0 | _aRedes neuronales y sistemas borrosos | |
| 260 | _c2007 | ||
| 300 |
_a330 páginas : _c |
||
| 650 | _aGEN | ||
| 654 | _aCCC | ||
| 942 |
_cLIB _dJUS _fJUS _2ddc _n |
||
| 999 |
_c14083 _d14083 |
||